| 000 | 00724cam a22002531 4500 | ||
|---|---|---|---|
| 999 |
_c9085 _d9085 |
||
| 001 | 9085 | ||
| 003 | BD-JhCC | ||
| 005 | 20180315085739.0 | ||
| 008 | 750211s1966 xx 000 0 eng | ||
| 035 | _a(BD-JhCC)9085 | ||
| 040 |
_aDLC _cOHirC _dUk _dDLC _dBD-JhCC |
||
| 041 | _aeng | ||
| 050 | 0 | 0 |
_aPE1417 _b.F4 |
| 082 |
_a808.31 _bFEN 1966 |
||
| 100 | 1 | _aFenson, Harry. | |
| 245 | 1 | 0 |
_aReading, understanding, and writing about short stories / _c[by] Harry Fenson and Hildreth Kritzer. |
| 260 |
_aNew York, _bFree Press _c[1966] |
||
| 300 |
_ax,389 p. _c21 cm. |
||
| 650 | 0 |
_aEnglish language _xRhetoric. |
|
| 650 | 0 | _aShort stories. | |
| 700 | 1 | _aKritzer, Hildreth, | |
| 942 |
_2ddc _cBK |
||